000 00726nam a2200253 a 4500
001 13078
003 BD-JhCC
005 20230624102046.0
008 230624s2015 ii |||| |||| 000 0 eng d
020 _a9780143333548
035 _a(BD-JhCC)13078
040 _aBD-JhCC
_dBD-JhCC
041 _aeng
082 _a502.3
_bABD 2015
100 _aAbdul Kalam, A.P.J.
245 _aReignited :
_bscientific pathways to a brighter future /
_cA.P.J. Abdul Kalam and Srijan Pal Sing
260 _aIndia :
_bPuffine Books,
_c2015
300 _a275 p. :
_c22 cm.
650 _aScience--Vocational guidance
650 _aResearch--Vocational guidance
650 _aScientists
700 _aSing, Srijan Pal
942 _2ddc
_cBK
999 _c13078
_d13078